000 00586nam a2200205Ii 4500
003 JO-AjNU
008 230606s9999||||xx |||||||||||||| ||und||
020 _a978-93-82332-60-2
040 _aJO-AjNU
_beng
_erda
_cJO-AjNU
041 _aeng
050 1 4 _aTG260.2014
100 3 _aNarendra, /Muthu,
_eauthor
_93889
245 0 0 _aIndeterminate Structural Analysis
264 3 1 _aNew Delhi:i.k,2014
300 _a824p
336 _atext
_btxt
_2rdacontent
337 _aunmediated
_bn
_2rdamedia
338 _avolume
_bnc
_2rdacarrier
650 4 _aIndeterminate Structural Analysis
_93890
999 _aE2028
_c2027
_d2027